| 000 | 00475nam a22001697a 4500 | ||
|---|---|---|---|
| 005 | 20251108165352.0 | ||
| 008 | 250721s1995 xx 000 0 ara d | ||
| 082 | 1 | 4 | _a213.63/سيد |
| 100 | 1 |
_aالسيد، مجدي قتحي _eمؤلف |
|
| 245 | 1 | 0 | _aفقه الرسول / |
| 264 |
_bالمكتبة التوفيقة، _c1995. |
||
| 300 | _a480ص. | ||
| 650 | 1 | 7 | _aالحديث النبوي |
| 650 | 1 | 7 | _aالفقه الإسلامي |
| 942 |
_2ddc _cBK |
||
| 999 |
_c26237 _d26237 |
||